000 00595cam a22002291 4500
001 sa 68005257
003 DLC
005 20260227112507.0
008 910610s1967 ii 000 0 hino
010 _asa 68005257
035 _a(OCoLC)23907615
040 _aDLC
_cWaU
_dDLC
042 _apremarc
043 _aa-ii---
050 0 0 _aDS425
_b.S35
100 1 _aSiddhantalankar, Satyavrata,
_d1898-
245 1 0 _aVaidika-saṃskr̥ti ke mūla-tattva.
260 _c[1967]
300 _a368 p. (p. [2]-[6] advertisements)
_c19 cm.
500 _aIn Hindi.
650 0 _aHindu civilization.
999 _c80611
_d80611